000 00562nam a22001697a 4500
003 OSt
005 20251203095722.0
008 251203b |||||||| |||| 00| 0 eng d
040 _aDWCL-Main lib
_cOC
082 _22007 issue, 2nd ed.
_aFil. 346.02. B189 2007
100 _aBallada, Susan
245 _aSimplified law on obligation and contracts
_cBallada, Susan
260 _aManila :
_bDynasty Booksource Asia,
_cc2007.
300 _axiv, 306 pages ;
_c25 cm.
650 _21. Contracts (Law)- Philippines.
942 _2ddc
_cBK - FIL
_e2007 issue, 2nd ed.
_kFil.
_n0
999 _c6735
_d6735